[Event "XVII C.to Italiano U20"]
[Site "Bratto - Castione della Presolana ITA"]
[Date "2009.08.25"]
[Round "5"]
[White "De Bortoli, Thomas"]
[Black "Stella, Luca"]
[Result "0-1"]
[WhiteElo "1870"]
[BlackElo "1987"]
[PlyCount "70"]
[EventDate "2009.08.21"]

1. e4 c5 2. Nf3 d6 3. d4 cxd4 4. Nxd4 Nf6 5. Nc3 g6 6. Be3 Bg7 7. f3 Nc6 8. Qd2
O-O 9. O-O-O d5 10. Bh6 Bxh6 11. Qxh6 Qb6 12. Nb3 dxe4 13. Nxe4 Nxe4 14. fxe4
Be6 15. h4 Ne5 16. Be2 Bg4 17. Rde1 Bxe2 18. Rxe2 Ng4 19. Qg5 h5 20. Qxe7 Rac8
21. Qg5 Rfd8 22. Qa5 Qc6 23. c3 b5 24. Rd1 Rxd1+ 25. Kxd1 Qc4 26. Kd2 Ne5 27.
Nc1 Qc5 28. b3 Nc6 29. Nd3 Nxa5 30. Nxc5 Rxc5 31. Kd3 Rc7 32. Kd4 Kf8 33. e5
Ke7 34. Re3 Ke6 35. Rf3 Nc6+ 0-1

[Event "XVII C.to Italiano U20"]
[Site "Bratto - Castione della Presolana ITA"]
[Date "2009.08.25"]
[Round "5"]
[White "De Nardi, Riccardo"]
[Black "Paltrinieri, Nicholas"]
[Result "0-1"]
[WhiteElo "2077"]
[BlackElo "1998"]
[PlyCount "82"]
[EventDate "2009.08.21"]

1. d4 f5 2. c4 e6 3. Nc3 Nf6 4. g3 Be7 5. Bg2 O-O 6. Nf3 d6 7. O-O Qe8 8. Qc2
Bd8 9. e4 fxe4 10. Nxe4 e5 11. dxe5 dxe5 12. Bg5 Nc6 13. Nxf6+ Bxf6 14. Bxf6
gxf6 15. Rfe1 Qh5 16. Qc3 a5 17. b3 Bg4 18. a3 Rfd8 19. Rac1 Rd7 20. Rcd1 Rxd1
21. Rxd1 Nd4 22. Rxd4 exd4 23. Nxd4 Rd8 24. Bd5+ Kg7 25. f3 Bc8 26. Qxa5 Qe5
27. Qc3 c6 28. Ne6+ Bxe6 29. Qxe5 fxe5 30. Bxe6 Kf6 31. Bg4 Rd3 32. b4 Rxa3 33.
Bc8 b6 34. Bb7 Rxf3 35. Bxc6 Rb3 36. b5 Rc3 37. Bd5 Kf5 38. Kf2 e4 39. Ke2 Ke5
40. Kd2 Ra3 41. Bg8 h6 0-1

[Event "XVII C.to Italiano U20"]
[Site "Bratto - Castione della Presolana ITA"]
[Date "2009.08.25"]
[Round "5"]
[White "Gallana, Marco"]
[Black "De Filomeno, Simone"]
[Result "0-1"]
[WhiteElo "1980"]
[BlackElo "2221"]
[PlyCount "62"]
[EventDate "2009.08.21"]

1. d4 d5 2. c4 e6 3. Nc3 c6 4. cxd5 exd5 5. Qc2 Na6 6. a3 Nc7 7. Nf3 Ne6 8. e3
Nf6 9. Bd3 Be7 10. O-O O-O 11. Na4 g6 12. Nc5 Ng7 13. b4 Qc7 14. Bb2 Bf5 15.
Ne5 Rac8 16. Rac1 Bd6 17. f4 Bxc5 18. dxc5 Bxd3 19. Qxd3 Ne4 20. Ng4 h5 21.
Nf6+ Nxf6 22. Bxf6 Nf5 23. e4 dxe4 24. Qxe4 Rfe8 25. Qf3 Re3 26. Qf2 Rxa3 27.
Rfe1 Qd7 28. Re4 Rd3 29. Rce1 Rd1 30. h3 Qd3 31. Re8+ Rxe8 0-1

[Event "XVII C.to Italiano U20"]
[Site "Bratto - Castione della Presolana ITA"]
[Date "2009.08.25"]
[Round "5"]
[White "Gallucci, Alessio"]
[Black "Bellemo, Davide"]
[Result "1-0"]
[WhiteElo "2240"]
[BlackElo "2092"]
[PlyCount "91"]
[EventDate "2009.08.21"]

1. e4 e5 2. Nf3 Nc6 3. Bb5 a6 4. Ba4 Nf6 5. O-O Be7 6. Re1 b5 7. Bb3 d6 8. h3
O-O 9. c3 Na5 10. Bc2 c5 11. d4 Qc7 12. d5 c4 13. Nbd2 g6 14. Nf1 Kg7 15. Ng3
Ng8 16. Nh2 Bh4 17. Nf3 Bxg3 18. fxg3 Nb7 19. g4 Nc5 20. Kh1 Bd7 21. Rf1 f6 22.
Be3 a5 23. Nh4 h6 24. Nf3 Ne7 25. Qd2 g5 26. Ng1 Ng6 27. Ne2 Nf4 28. Ng3 Nfd3
29. b4 axb4 30. cxb4 Na6 31. Bxd3 cxd3 32. Rac1 Qb7 33. a3 Rac8 34. Qxd3 Rc4
35. Rf2 Rxc1+ 36. Bxc1 Nc7 37. Rc2 Na8 38. Be3 Nb6 39. Bxb6 Qxb6 40. Kh2 Qa7
41. Rc3 Qb6 42. Qc2 Rf7 43. Rc7 Kg6 44. Nh5 Rh7 45. Qc3 Rf7 46. Qc1 1-0

[Event "XVII C.to Italiano U20"]
[Site "Bratto - Castione della Presolana ITA"]
[Date "2009.08.25"]
[Round "5"]
[White "Palmitessa, Andrea"]
[Black "Valbusa, Lorenzo"]
[Result "1-0"]
[WhiteElo "1796"]
[BlackElo "1749"]
[PlyCount "119"]
[EventDate "2009.08.21"]

1. e4 c5 2. Nf3 Nc6 3. d4 cxd4 4. Nxd4 Nf6 5. Nc3 e5 6. Ndb5 d6 7. Bg5 a6 8.
Na3 b5 9. Nd5 Be7 10. Bxf6 Bxf6 11. c3 Ne7 12. Nc2 Nxd5 13. Qxd5 Rb8 14. Ne3
O-O 15. Be2 Be6 16. Qd3 Qb6 17. O-O Bg5 18. Nd5 Bxd5 19. Qxd5 Qc5 20. Rfd1 Rfd8
21. g3 g6 22. Rd3 Qxd5 23. Rxd5 Be7 24. b3 Kf8 25. a3 Ra8 26. a4 bxa4 27. Rxa4
Rdc8 28. Bc4 Ra7 29. Rda5 Rc6 30. Rxa6 Raxa6 31. Rxa6 Rxa6 32. Bxa6 Bd8 33. Kf1
Bb6 34. Ke2 Ke7 35. f3 Bg1 36. h3 Bh2 37. g4 Kd7 38. Kd3 Kc6 39. Bc4 f6 40. Bg8
h6 41. Kc4 g5 42. Bf7 Kd7 43. b4 Bg3 44. b5 Bf2 45. Kd5 Be1 46. c4 Ba5 47. Be6+
Kc7 48. Bf5 Bb4 49. Ke6 Kb6 50. Kxf6 Kc5 51. Be6 Kd4 52. Kg6 Ke3 53. Kxh6 Kf4
54. b6 Bc5 55. b7 Ba7 56. Bd5 Bb8 57. Kg6 Bc7 58. Kh5 Bb8 59. h4 gxh4 60. Kxh4
1-0

[Event "XVII C.to Italiano U20"]
[Site "Bratto - Castione della Presolana ITA"]
[Date "2009.08.25"]
[Round "5"]
[White "Pascucci, Marco"]
[Black "Testa, Adriano"]
[Result "1/2-1/2"]
[WhiteElo "2008"]
[BlackElo "2142"]
[PlyCount "93"]
[EventDate "2009.08.21"]

1. e4 d5 2. exd5 Qxd5 3. Nf3 Nf6 4. d4 Bf5 5. Bd3 Bg4 6. Be2 e6 7. O-O c5 8. h3
Bh5 9. Nc3 Qd8 10. dxc5 Bxc5 11. Qxd8+ Kxd8 12. Na4 Bd6 13. c4 Nbd7 14. Rd1 Ke7
15. Be3 Rac8 16. g4 Bg6 17. Nc3 a6 18. a3 Bc2 19. Rd2 Bb3 20. g5 Ne8 21. Rc1
Bxc4 22. Ne4 b5 23. b3 Bxa3 24. Rxd7+ Kxd7 25. Rc2 f5 26. gxf6 Nxf6 27. Nxf6+
gxf6 28. bxc4 b4 29. Nd4 Rhg8+ 30. Kf1 e5 31. Nb3 f5 32. Bb6 Rg6 33. c5 Rxb6
34. Rd2+ Kc7 35. cxb6+ Kxb6 36. Rd6+ Rc6 37. Rxc6+ Kxc6 38. Bxa6 Kd5 39. Ke2 e4
40. Bb7+ Kc4 41. Nd2+ Kc3 42. Bc8 Bc1 43. Nf1 f4 44. Bf5 Kd4 45. Kd1 e3 46. f3
h6 47. Nh2 1/2-1/2

[Event "XVII C.to Italiano U20"]
[Site "Bratto - Castione della Presolana ITA"]
[Date "2009.08.25"]
[Round "5"]
[White "Rombaldoni, Brian"]
[Black "Campagnola, Giacomo"]
[Result "1/2-1/2"]
[WhiteElo "1831"]
[BlackElo "1821"]
[PlyCount "153"]
[EventDate "2009.08.21"]

1. b3 e5 2. Bb2 Nc6 3. e3 Nf6 4. Bb5 d6 5. Ne2 Be7 6. O-O O-O 7. f4 e4 8. Bxc6
bxc6 9. f5 d5 10. Nd4 Bd6 11. Nxc6 Qe8 12. Bxf6 gxf6 13. Nd4 Kh8 14. Qh5 Ba6
15. Rf2 Rg8 16. Nc3 c6 17. Nde2 Qe7 18. Nf4 Rg5 19. Qh3 Rag8 20. Nce2 Qe5 21.
Rb1 Bc8 22. Ng3 d4 23. Nfe2 dxe3 24. dxe3 Bc5 25. Nd4 Bxd4 26. exd4 Qxd4 27.
Ne2 Qc5 28. Kf1 Bxf5 29. Qc3 Qxc3 30. Nxc3 e3 31. Re2 Rxg2 32. Rxg2 Bh3 33. Ke2
Rxg2+ 34. Kxe3 Rxc2 35. Ne4 Rxh2 36. Rc1 Rxa2 37. Rxc6 Ra3 38. Kf4 Rxb3 39. Ra6
Rb4 40. Kg3 Bf1 41. Rxf6 Rxe4 42. Rxf1 Kg7 43. Ra1 Re7 44. Kf4 Rb7 45. Ra5 f6
46. Kf5 Kf7 47. Ra6 Rb5+ 48. Kf4 Kg6 49. Rxa7 Rb4+ 50. Kg3 h5 51. Ra3 Kg5 52.
Rc3 Rg4+ 53. Kh3 Re4 54. Rg3+ Rg4 55. Ra3 f5 56. Rf3 Rh4+ 57. Kg2 Rf4 58. Ra3
h4 59. Kh3 Re4 60. Rb3 Re5 61. Rb8 Re3+ 62. Kg2 Rg3+ 63. Kh2 Kg4 64. Rg8+ Kf3
65. Ra8 f4 66. Ra3+ Kg4 67. Ra8 h3 68. Rg8+ Kf3 69. Ra8 Rg2+ 70. Kxh3 Re2 71.
Ra3+ Re3 72. Ra2 Ke4+ 73. Kg2 Kf5 74. Ra8 Rg3+ 75. Kf2 Rg7 76. Kf3 Rg3+ 77. Kf2
1/2-1/2

[Event "XVII C.to Italiano U20"]
[Site "Bratto - Castione della Presolana ITA"]
[Date "2009.08.25"]
[Round "5"]
[White "Sorbera, Giovanni"]
[Black "Fiducioso, Marco"]
[Result "0-1"]
[WhiteElo "1917"]
[BlackElo "2122"]
[PlyCount "86"]
[EventDate "2009.08.21"]

1. e4 e6 2. d4 d5 3. Nc3 Nf6 4. e5 Nfd7 5. Qh5 c5 6. Nf3 g6 7. Qg4 cxd4 8. Bg5
Qb6 9. Nb5 a6 10. Nbxd4 Qxb2 11. Rd1 Bb4+ 12. Ke2 Nc6 13. Bc1 Qxa2 14. Nxc6
Qxc2+ 15. Nd2 Bc5 16. Nd4 Qa2 17. N4b3 Bb6 18. Qb4 Bd8 19. Qc3 O-O 20. Bb2 Qa4
21. Ra1 Qg4+ 22. f3 Qh5 23. h4 f6 24. g4 Qxe5+ 25. Qxe5 Nxe5 26. g5 Nc6 27. f4
fxg5 28. fxg5 e5 29. Bg2 e4 30. Bd4 Bg4+ 31. Ke1 Nb4 32. Nxe4 dxe4 33. Kd2 Bf3
34. Bf1 Nd3 35. Rh3 Bc7 36. Bxd3 exd3 37. Bc5 Rf7 38. Nd4 Be4 39. Nb3 Rc8 40.
Be3 Be5 41. Nd4 Bxd4 42. Bxd4 Rc2+ 43. Ke3 Re2# 0-1

[Event "XVII C.to Italiano U20"]
[Site "Bratto - Castione della Presolana ITA"]
[Date "2009.08.25"]
[Round "5"]
[White "Stella, Andrea"]
[Black "Bonafede, Alessandro"]
[Result "1-0"]
[WhiteElo "2301"]
[BlackElo "2288"]
[PlyCount "173"]
[EventDate "2009.08.21"]

1. d4 f5 2. g3 Nf6 3. Bg2 g6 4. Nf3 Bg7 5. c4 d6 6. Nc3 O-O 7. d5 a5 8. O-O Na6
9. Nd4 Nc5 10. Rb1 Bd7 11. b3 Qe8 12. a3 c6 13. b4 axb4 14. axb4 Nce4 15. Nxe4
Nxe4 16. Qd3 Qf7 17. f3 Nf6 18. e4 fxe4 19. fxe4 e5 20. Ne2 cxd5 21. cxd5 Qe8
22. Nc3 Qc8 23. Bd2 Ra3 24. Rfc1 Qa8 25. h3 Rc8 26. Kh2 b5 27. Qc2 Qa7 28. Qb2
Rc4 29. Rc2 Nh5 30. Be1 Ra6 31. Bf2 Qc7 32. Bf1 Bh6 33. Qb3 Qc8 34. Rbb2 Nf6
35. Bg2 Ra8 36. Ne2 Qc7 37. Rxc4 bxc4 38. Qc3 Bb5 39. Qc2 Ra3 40. Nc3 Qb7 41.
Nxb5 Qxb5 42. Bf1 Qa4 43. Qxc4 Be3 44. Bd3 Qa7 45. Kg2 Kg7 46. b5 Bxf2 47. Rxf2
Qe3 48. Rf3 Qd2+ 49. Be2 Ra2 50. Rf2 Rc2 51. Qd3 Qc3 52. Qf3 Qxf3+ 53. Bxf3 Rc8
54. Rb2 Kf7 55. Kf2 Ke7 56. Ke2 Kd8 57. Bg4 Rc3 58. Bf3 Kc7 59. Ra2 Rb3 60.
Ra7+ Kb6 61. Rf7 Rb2+ 62. Ke3 Rb3+ 63. Kf2 Rb2+ 64. Kf1 Rb1+ 65. Ke2 Rb2+ 66.
Ke1 Ne8 67. Rxh7 Nc7 68. Be2 Rb4 69. Bd3 Rb3 70. Ke2 Rb2+ 71. Ke3 Rg2 72. Kf3
Rd2 73. Be2 Nxb5 74. Bxb5 Kxb5 75. Rc7 Rd3+ 76. Kf2 Rd2+ 77. Ke3 Ra2 78. Rc6
Ra3+ 79. Kf2 Ra4 80. Rxd6 Kc5 81. Rxg6 Kd4 82. Kf3 Ra3+ 83. Kg4 Kxe4 84. d6 Ke3
85. Kf5 e4 86. d7 Rd3 87. Ke6 1-0

[Event "XVII C.to Italiano U20"]
[Site "Bratto - Castione della Presolana ITA"]
[Date "2009.08.25"]
[Round "5"]
[White "Xia, Jie"]
[Black "Codenotti, Marco"]
[Result "1-0"]
[WhiteElo "2206"]
[BlackElo "2117"]
[PlyCount "128"]
[EventDate "2009.08.21"]

1. d4 Nf6 2. Nc3 d5 3. Bg5 c5 4. Nf3 Nc6 5. e3 Bg4 6. Be2 cxd4 7. Nxd4 Bxe2 8.
Qxe2 e6 9. Bxf6 Qxf6 10. Qb5 O-O-O 11. Nxc6 bxc6 12. Qxc6+ Kb8 13. O-O Bd6 14.
Nb5 Qe7 15. Rfd1 Qb7 16. Nd4 Bc5 17. Rd3 Bxd4 18. Qxb7+ Kxb7 19. Rxd4 e5 20.
Rd3 Rd6 21. Rad1 Rhd8 22. Kf1 f6 23. c4 d4 24. Ke2 a5 25. exd4 exd4 26. Rb3+
Kc6 27. Kd3 Re6 28. Rb5 Re5 29. a4 g5 30. b4 axb4 31. Rxb4 Ra5 32. Rdb1 Ra6 33.
Re1 Rd6 34. Re7 h5 35. Re4 h4 36. h3 Rb6 37. Rxb6+ Kxb6 38. Rxd4 Re6 39. Rd5
Re1 40. Rd6+ Ka7 41. Rxf6 Rg1 42. c5 Rxg2 43. Kc4 g4 44. hxg4 Rxg4+ 45. Kb5 h3
46. Rh6 Rf4 47. Rxh3 Rxf2 48. Rh7+ Kb8 49. Kb6 Rb2+ 50. Kc6 Rd2 51. Rb7+ Ka8
52. Rb4 Rh2 53. Kb6 Kb8 54. a5 Rc2 55. Rb1 Rc3 56. a6 Ka8 57. c6 Kb8 58. a7+
Ka8 59. Rd1 Rb3+ 60. Kc7 Rh3 61. Rd5 Rh7+ 62. Kb6 Rh8 63. c7 Rh6+ 64. Kc5 Kxa7
1-0

[Event "XVII C.to Italiano U20"]
[Site "Bratto - Castione della Presolana ITA"]
[Date "2009.08.26"]
[Round "6"]
[White "Bonafede, Alessandro"]
[Black "Bellemo, Davide"]
[Result "1-0"]
[WhiteElo "2288"]
[BlackElo "2092"]
[PlyCount "67"]
[EventDate "2009.08.21"]

1. e4 e5 2. Nf3 Nc6 3. Bb5 a6 4. Ba4 Nf6 5. O-O Be7 6. Re1 b5 7. Bb3 O-O 8. h3
d6 9. c3 Na5 10. Bc2 c5 11. d4 Qc7 12. d5 Nc4 13. a4 Bd7 14. Qe2 Na5 15. Nbd2
g6 16. Ra2 Rab8 17. b4 cxb4 18. cxb4 Nc4 19. Nxc4 bxc4 20. Bh6 Rfc8 21. Rb1 Ne8
22. Ra3 f5 23. exf5 gxf5 24. Nd4 f4 25. Bxf4 Nf6 26. Bg5 exd4 27. Qxe7 d3 28.
Bxf6 Be8 29. Qe6+ Bf7 30. Qg4+ Bg6 31. Bd1 Qf7 32. Bc3 Qxd5 33. Bf3 Qf7 34. Qd4
1-0

[Event "XVII C.to Italiano U20"]
[Site "Bratto - Castione della Presolana ITA"]
[Date "2009.08.26"]
[Round "6"]
[White "Codenotti, Marco"]
[Black "Gallana, Marco"]
[Result "1-0"]
[WhiteElo "2117"]
[BlackElo "1980"]
[PlyCount "129"]
[EventDate "2009.08.21"]

1. e4 c6 2. d4 d5 3. exd5 cxd5 4. Bd3 Nf6 5. c3 Nc6 6. Bf4 e6 7. Nf3 Bd6 8.
Bxd6 Qxd6 9. O-O O-O 10. Qe2 b6 11. Nbd2 Bb7 12. Ne5 Ne7 13. f4 Ne8 14. Rae1 f6
15. Nef3 Nc7 16. Nh4 f5 17. g3 Nc8 18. g4 Qd8 19. Ndf3 Nd6 20. Qe5 Ne4 21. gxf5
exf5 22. Nxf5 Qd7 23. Qe7 Qxf5 24. Qxc7 Rf7 25. Qe5 Qg4+ 26. Kh1 Rxf4 27. Be2
Raf8 28. Ng1 Qf5 29. Rxf4 Qxf4 30. Qxf4 Rxf4 31. Nh3 Rh4 32. Kg2 Bc8 33. Ng1
Bf5 34. Bf3 g5 35. Ne2 g4 36. Bxe4 Bxe4+ 37. Kg3 Rh3+ 38. Kxg4 Rxh2 39. Ng3
Rxb2 40. Nxe4 dxe4 41. Rxe4 Kf7 42. a4 Rc2 43. Re3 Ra2 44. Kf5 Rf2+ 45. Ke5 Ke7
46. Rh3 Rf7 47. Rh6 Rg7 48. Rh5 Rf7 49. c4 Kd7 50. d5 Re7+ 51. Kd4 Rg7 52. a5
Kc7 53. axb6+ axb6 54. Kc3 b5 55. c5 Rg4 56. Rxh7+ Kc8 57. c6 Rc4+ 58. Kd3 Rc1
59. Kd4 b4 60. Rb7 Rb1 61. Kc5 Rc1+ 62. Kxb4 Rb1+ 63. Kc5 Rxb7 64. cxb7+ Kb8
65. Kd6 1-0

[Event "XVII C.to Italiano U20"]
[Site "Bratto - Castione della Presolana ITA"]
[Date "2009.08.26"]
[Round "6"]
[White "De Filomeno, Simone"]
[Black "Stella, Andrea"]
[Result "1/2-1/2"]
[WhiteElo "2221"]
[BlackElo "2301"]
[PlyCount "37"]
[EventDate "2009.08.21"]

1. e4 e6 2. d4 d5 3. Nc3 Bb4 4. e5 c5 5. a3 Bxc3+ 6. bxc3 Qc7 7. Qg4 f5 8. Qg3
Nc6 9. Ne2 Qf7 10. dxc5 Nge7 11. Be3 O-O 12. f4 Bd7 13. Bd4 Rfc8 14. Nc1 b6 15.
Ba6 Rc7 16. Nb3 Nxd4 17. cxd4 Ba4 18. O-O b5 19. Qc3 1/2-1/2

[Event "XVII C.to Italiano U20"]
[Site "Bratto - Castione della Presolana ITA"]
[Date "2009.08.26"]
[Round "6"]
[White "Delledonne, Francesco"]
[Black "Palmitessa, Andrea"]
[Result "1-0"]
[WhiteElo "1936"]
[BlackElo "1796"]
[PlyCount "67"]
[EventDate "2009.08.21"]

1. e4 e5 2. Nf3 Nc6 3. Bb5 a6 4. Ba4 Nf6 5. O-O Be7 6. Re1 b5 7. Bb3 O-O 8. c3
d6 9. h3 Bb7 10. d4 exd4 11. cxd4 Na5 12. Bc2 c5 13. Nbd2 Qb6 14. d5 Nd7 15. a4
Bf6 16. Nh2 Ne5 17. Ng4 Nxg4 18. hxg4 Bc8 19. Re3 Bd7 20. Rh3 h6 21. Qf3 Bg5
22. Qg3 Nb7 23. Kh1 Qd8 24. f4 Bf6 25. Nf3 Re8 26. Rh5 g6 27. Rxh6 Kg7 28. g5
Be7 29. b3 Rg8 30. Bb2+ Kf8 31. Qh4 Ke8 32. Rh8 Rf8 33. Bf6 Bc8 34. Rxf8+ 1-0

[Event "XVII C.to Italiano U20"]
[Site "Bratto - Castione della Presolana ITA"]
[Date "2009.08.26"]
[Round "6"]
[White "Fiducioso, Marco"]
[Black "Gallucci, Alessio"]
[Result "1-0"]
[WhiteElo "2122"]
[BlackElo "2240"]
[PlyCount "67"]
[EventDate "2009.08.21"]

1. e4 c5 2. Nf3 d6 3. d4 cxd4 4. Nxd4 Nf6 5. Nc3 g6 6. Be3 Bg7 7. f3 Nc6 8. Qd2
O-O 9. O-O-O d5 10. exd5 Nxd5 11. Nxc6 bxc6 12. Bd4 e5 13. Bc5 Be6 14. Ne4 Re8
15. h4 Nf6 16. Qxd8 Rexd8 17. Rxd8+ Rxd8 18. Be7 Nxe4 19. Bxd8 Ng3 20. Rg1 e4
21. Ba6 e3 22. Bg5 Bd4 23. Re1 e2 24. Bf4 Nf5 25. Rxe2 Nxh4 26. b3 Nf5 27. Bb7
Ne7 28. Be3 Bf6 29. c4 a5 30. Bc5 Nf5 31. Bxc6 Ng3 32. Re1 Nh5 33. Bd6 Ng7 34.
Be4 1-0

[Event "XVII C.to Italiano U20"]
[Site "Bratto - Castione della Presolana ITA"]
[Date "2009.08.26"]
[Round "6"]
[White "Mereu, Matteo"]
[Black "Rombaldoni, Brian"]
[Result "1-0"]
[WhiteElo "1964"]
[BlackElo "1831"]
[PlyCount "159"]
[EventDate "2009.08.21"]

1. e4 c6 2. d4 d5 3. Nc3 dxe4 4. f3 exf3 5. Nxf3 Bg4 6. Bc4 e6 7. Be3 Nf6 8.
O-O Bd6 9. Qe1 Qc7 10. h3 Bf5 11. Ng5 Bg6 12. Bxe6 h6 13. Bf4 Kf8 14. Qh4 Kg8
15. Nxf7 Bxf7 16. Bxf7+ Kxf7 17. Ne4 Bxf4 18. Rxf4 Nbd7 19. Raf1 Rhf8 20. Nxf6
Nxf6 21. Rxf6+ gxf6 22. Rxf6+ Kg8 23. Qg4+ Qg7 24. Rg6 Rf7 25. Rxg7+ Rxg7 26.
Qe6+ Kh7 27. Qe4+ Kh8 28. Kf2 Rf8+ 29. Ke2 Rff7 30. Kd3 Rg3+ 31. Kc4 Rfg7 32.
Qf4 Kh7 33. Qf5+ Kg8 34. Qe6+ Kh7 35. Qf5+ Kh8 36. Qf8+ Kh7 37. Qf5+ Kh8 38.
Qe6 Kh7 39. Qe4+ Kg8 40. Qe8+ Kh7 41. Qe4+ Kh8 42. a4 Rxg2 43. b4 R2g3 44. Qf5
R3g5 45. Qf8+ Kh7 46. Qf4 a6 47. Qe4+ Kh8 48. Qe6 R5g6 49. Qe8+ Kh7 50. b5
cxb5+ 51. axb5 Rc7+ 52. Kb4 axb5 53. Qxb5 Re7 54. d5 Rd6 55. Qd3+ Kh8 56. c4
Red7 57. Qg3 Kh7 58. Qe5 Kg6 59. Kc5 Rf6 60. Qe8+ Rff7 61. Kd4 Rde7 62. Qc8 b6
63. Qg4+ Kf6 64. d6 Rb7 65. Kd5 Rg7 66. Qf4+ Kg6 67. Kc6 Kh5 68. h4 Rgf7 69.
Qe4 Rh7 70. Kd5 Rhg7 71. Ke6 Rg6+ 72. Kd5 Rgg7 73. Kc6 Rh7 74. Kb5 Rbd7 75.
Qd5+ Kxh4 76. Kxb6 h5 77. c5 Rh6 78. Qd4+ Kg5 79. Qe3+ Kg6 80. Qe6+ 1-0

[Event "XVII C.to Italiano U20"]
[Site "Bratto - Castione della Presolana ITA"]
[Date "2009.08.26"]
[Round "6"]
[White "Paltrinieri, Nicholas"]
[Black "Xia, Jie"]
[Result "1-0"]
[WhiteElo "1998"]
[BlackElo "2206"]
[PlyCount "113"]
[EventDate "2009.08.21"]

1. d4 Nf6 2. Bg5 Ne4 3. Bh4 c5 4. f3 Nf6 5. Nc3 cxd4 6. Qxd4 Nc6 7. Qd2 d6 8.
e4 a6 9. f4 e6 10. Nf3 Qc7 11. O-O-O Be7 12. g4 h6 13. Rg1 b5 14. Qe3 Qa7 15.
Qe1 g5 16. fxg5 hxg5 17. Bxg5 Ne5 18. Nxe5 dxe5 19. Bxf6 Bxf6 20. g5 Bg7 21.
Rg2 Bd7 22. Rgd2 Bc6 23. Rd6 Rc8 24. Qg3 b4 25. Qd3 O-O 26. Ne2 Qc5 27. g6 Bb5
28. gxf7+ Kh7 29. Qb3 Rxf7 30. Kb1 Bc4 31. Qh3+ Bh6 32. Rd7 Rc7 33. Rxf7+ Rxf7
34. Ng3 Bxf1 35. Nxf1 Rc7 36. Qg2 a5 37. Qe2 a4 38. Rd3 a3 39. Qd1 Qc6 40. Ng3
axb2 41. Nh5 Rf7 42. Rd7 Rxd7 43. Qxd7+ Qxd7 44. Nf6+ Kg6 45. Nxd7 Bf4 46. Kxb2
Bxh2 47. Kb3 Kg5 48. Kxb4 Kf4 49. Nc5 Bg1 50. a4 Bxc5+ 51. Kxc5 Kxe4 52. a5 Ke3
53. a6 Kd2 54. a7 e4 55. a8=Q e3 56. Qe4 e2 57. Qd3+ 1-0

[Event "XVII C.to Italiano U20"]
[Site "Bratto - Castione della Presolana ITA"]
[Date "2009.08.26"]
[Round "6"]
[White "Sorbera, Giovanni"]
[Black "De Nardi, Riccardo"]
[Result "1/2-1/2"]
[WhiteElo "1917"]
[BlackElo "2077"]
[PlyCount "100"]
[EventDate "2009.08.21"]

1. Nf3 c5 2. g3 d5 3. c4 Nf6 4. Bg2 Nc6 5. cxd5 Nxd5 6. Nc3 Nxc3 7. bxc3 e5 8.
Qc2 Be7 9. O-O O-O 10. d3 Be6 11. Bb2 Rc8 12. c4 Qc7 13. Bc3 Nd4 14. Qb2 Bg4
15. Rfe1 Bd6 16. Ng5 b6 17. Ne4 f5 18. Nxd6 Qxd6 19. Bd5+ Kh8 20. e3 Nf3+ 21.
Bxf3 Bxf3 22. Bxe5 Qg6 23. h4 Qg4 24. Kh2 Rc6 25. Bf4 Re8 26. a4 a6 27. e4 fxe4
28. dxe4 Rf6 29. Qd2 Ref8 30. Bg5 R6f7 31. e5 h6 32. e6 Rf5 33. e7 Re8 34. Bxh6
Bc6 35. Bg5 Qf3 36. Rg1 Qxf2+ 37. Qxf2 Rxf2+ 38. Kh3 Rc2 39. Rab1 Bd7+ 40. g4
Rxc4 41. Rxb6 Rc3+ 42. Rg3 Rxg3+ 43. Kxg3 Bxa4 44. Rxa6 Bb3 45. Kf4 Kg8 46. Rd6
Kf7 47. Rd8 c4 48. Kf5 c3 49. Rxe8 Bc2+ 50. Ke5 Kxe8 1/2-1/2

[Event "XVII C.to Italiano U20"]
[Site "Bratto - Castione della Presolana ITA"]
[Date "2009.08.26"]
[Round "6"]
[White "Testa, Adriano"]
[Black "Stella, Luca"]
[Result "1-0"]
[WhiteElo "2142"]
[BlackElo "1987"]
[PlyCount "51"]
[EventDate "2009.08.21"]

1. e4 c5 2. Nf3 d6 3. d4 cxd4 4. Qxd4 a6 5. c4 Nc6 6. Qd2 g6 7. b3 Nf6 8. Nc3
Bg7 9. Bb2 O-O 10. h3 Rb8 11. Bd3 Ne8 12. O-O Nc7 13. Rac1 Bd7 14. Rfd1 b5 15.
Ne2 Bxb2 16. Qxb2 Ne6 17. Qd2 Qb6 18. Nc3 Ned4 19. Nxd4 Qxd4 20. cxb5 axb5 21.
Bxb5 Qb6 22. a4 Rfc8 23. Nd5 Qd8 24. Ba6 Rxb3 25. Bxc8 Qxc8 26. Rxc6 1-0

[Event "XVII C.to Italiano U20"]
[Site "Bratto - Castione della Presolana ITA"]
[Date "2009.08.26"]
[Round "6"]
[White "Valbusa, Lorenzo"]
[Black "Caldonazzo, Matteo"]
[Result "1/2-1/2"]
[WhiteElo "1749"]
[BlackElo "1802"]
[PlyCount "42"]
[EventDate "2009.08.21"]

1. e4 e6 2. d4 d5 3. Nc3 Nf6 4. Bg5 Be7 5. e5 Nfd7 6. Bxe7 Qxe7 7. Bd3 a6 8. f4
c5 9. Nf3 Nc6 10. dxc5 Nxc5 11. Qe2 Nb4 12. a3 Nbxd3+ 13. cxd3 Bd7 14. b4 Na4
15. Nxa4 Bxa4 16. Rc1 O-O 17. O-O Rac8 18. Qb2 Bb5 19. Rc3 Qd7 20. Rfc1 h6 21.
Nd4 Ba4 1/2-1/2

[Event "XVII C.to Italiano U20"]
[Site "Bratto - Castione della Presolana ITA"]
[Date "2009.08.27"]
[Round "7"]
[White "Bellemo, Davide"]
[Black "Mereu, Matteo"]
[Result "1-0"]
[WhiteElo "2092"]
[BlackElo "1964"]
[PlyCount "43"]
[EventDate "2009.08.21"]

1. d4 d5 2. c4 e5 3. dxe5 d4 4. g3 Nc6 5. Nf3 Bg4 6. Bg2 Qd7 7. O-O O-O-O 8.
Nbd2 h5 9. h4 d3 10. exd3 Nd4 11. Ne4 Nh6 12. Be3 Nhf5 13. Bxd4 Nxd4 14. Kh2
Be7 15. Re1 g5 16. hxg5 h4 17. Nf6 Bxf6 18. exf6 hxg3+ 19. Kg1 Rh2 20. Re3 Qf5
21. fxg3 Qh7 22. Nxh2 1-0

[Event "XVII C.to Italiano U20"]
[Site "Bratto - Castione della Presolana ITA"]
[Date "2009.08.27"]
[Round "7"]
[White "Bonafede, Alessandro"]
[Black "De Filomeno, Simone"]
[Result "0-1"]
[WhiteElo "2288"]
[BlackElo "2221"]
[PlyCount "58"]
[EventDate "2009.08.21"]

1. e4 c5 2. Nf3 Nc6 3. d4 cxd4 4. Nxd4 g6 5. c4 Nf6 6. Nc3 d6 7. Be2 Nxd4 8.
Qxd4 Bg7 9. Bg5 O-O 10. Qd2 Be6 11. Rc1 Qa5 12. O-O Rfc8 13. b3 a6 14. f4 Rc5
15. Qe3 Rac8 16. Rb1 Qb4 17. Na4 Ra5 18. Bh4 Qa3 19. Nb6 Re8 20. Qd3 Qxa2 21.
Be1 Rc5 22. Bf2 Nxe4 23. Qxe4 Bf5 24. Qxb7 Bxb1 25. Bxc5 dxc5 26. Qd7 Bd4+ 27.
Kh1 Rb8 28. Qc7 Rxb6 29. Qxb6 Be4 0-1

[Event "XVII C.to Italiano U20"]
[Site "Bratto - Castione della Presolana ITA"]
[Date "2009.08.27"]
[Round "7"]
[White "Caldonazzo, Matteo"]
[Black "Campagnola, Giacomo"]
[Result "1/2-1/2"]
[WhiteElo "1802"]
[BlackElo "1821"]
[PlyCount "102"]
[EventDate "2009.08.21"]

1. d4 Nf6 2. Nf3 c5 3. e3 e6 4. Bd3 d5 5. b3 Nc6 6. a3 Qb6 7. O-O Bd7 8. Nc3
cxd4 9. Na4 Qc7 10. exd4 Bd6 11. Bb2 O-O 12. Qe2 Rae8 13. Ne5 Ne7 14. Nc5 Ng6
15. Ncxd7 Nxd7 16. f4 Ndxe5 17. fxe5 Be7 18. Rf3 f5 19. exf6 Bxf6 20. Bxg6 hxg6
21. Qd3 Kf7 22. Rg3 g5 23. a4 Rh8 24. h3 Rh4 25. Rf1 Ke7 26. Ba3+ Kd8 27. Rgf3
Reh8 28. Rxf6 gxf6 29. Rxf6 Re4 30. Qf3 Rf4 31. Rxf4 Qxf4 32. Qxf4 gxf4 33. Bd6
Kd7 34. Bxf4 Rc8 35. h4 Rxc2 36. Be5 Ke7 37. g4 Rb2 38. h5 Rxb3 39. Kg2 Rc3 40.
g5 Rc8 41. Kg3 a6 42. a5 Rc1 43. g6 Rg1+ 44. Kh3 Kf8 45. Kh4 Kg8 46. Bg3 Kg7
47. Be5+ Kg8 48. Kh3 Rg5 49. Kh4 Rg1 50. Bg3 Kg7 51. Be5+ Kg8 1/2-1/2